International Wildlife Law: an analysis of international treaties concerned with the conservation of wildlife

Gespeichert in:
Bibliographische Detailangaben
1. Verfasser: Lyster, Simon (autor)
Format: Buch
Sprache:Englisch
Veröffentlicht: Cambridge Grotius Publications 1958
Schriftenreihe:Environmental Policy and Law Paper, 22
Schlagworte:
Tags: Tag hinzufügen
Keine Tags, Fügen Sie den ersten Tag hinzu!

MARC

LEADER 00000nam a2200000 a 4500
001 UCK5529
003 CL-VaPUC
008 050805e19580000uk |||||||||||||||||eng|d
020 |a 0906496225 
082 0 4 |a 341.762  |b LYS  |2 21 
100 |a Lyster, Simon  |e autor  |9 494330 
245 1 0 |a International Wildlife Law: an analysis of international treaties concerned with the conservation of wildlife 
300 |a 470 p 
942 |c BK 
945 |d 20050805 00:00:00  |a cmena 
260 |a Cambridge  |b Grotius Publications  |c 1958 
650 0 |a Derecho internacional  |9 255637 
650 0 |a Protección del medio ambiente  |9 257626 
583 |a last modification  |c 20161003 07:55:23  |k Rodrigo Vera 
490 0 |a Environmental Policy and Law Paper, 22 
999 |c 314035  |d 314033 
952 |0 0  |1 0  |4 0  |6 341_762000000000000_LYS_1958  |7 0  |8 A  |9 385911  |a BIBDER  |b BIBDER  |d 2019-11-22  |i 4122585  |o 341.762 LYS 1958  |p 4122585  |r 2023-01-25  |w 2019-11-22  |y BK  |k DER